Museo Marítimo de las Reales Atarazanas de Barcelona y la Nao Santa María / guión: José María Martínez-Hidalgo ; dirección: Francisco Mas Ruhi. [Enregistrament de vídeo] José María Martínez-Hidalgo ; dirección:
Descripción Física:
1 disc òptic (DVD) : 28 min. : col., so
MARC
| LEADER | 00000nam a2200000Ia 4500 | ||
|---|---|---|---|
| 001 | 18613 | ||
| 008 | 160829s1974] xx 000 0 cat d | ||
| 080 | |a CD-1-77 | ||
| 245 | |a Museo Marítimo de las Reales Atarazanas de Barcelona y la Nao Santa María / guión: |b José María Martínez-Hidalgo ; dirección: |b Francisco Mas Ruhi. [Enregistrament de vídeo] | ||
| 260 | |a [Barcelona : |b Diputació Provincial de Barcelona, |c 1974] | ||
| 300 | |a 1 disc òptic (DVD) : |b 28 min. : |b col., so | ||
| 610 | 0 | |a Museu Marítim (Barcelona, Catalunya) |x Història |9 10021 | |
| 610 | 2 | 0 | |a Santa María (Caravel·la) |9 54342 |
| 700 | |a Martínez-Hidalgo, José María, |d 1913-2005 |9 22649 | ||
| 700 | |a Mas Ruhi, Francisco, dir. |9 42560 | ||
| 710 | |a Museu Marítim (Barcelona, Catalunya) |9 10020 | ||
| 710 | 1 | |a Barcelona (Catalunya : Província). |b Diputació |9 52408 | |
| 901 | |a Arxiu | ||
| 942 | |n 1 | ||
| 952 | |0 0 |1 0 |4 0 |6 CD177 |7 1 |9 50901 |a Arxiu |b Arxiu |d 2016-12-01 |l 0 |o CD-1-77 |p 18613 |r 2016-12-01 00:00:00 |w 2016-12-01 |y ARXIU | ||
| 999 | |c 54743 |d 54743 | ||